000 00374nam a2200145Ia 4500
005 20250729165748.0
008 250729s2003 xx 000 0 und d
041 _aeng
082 _a001.51 RENW
100 _aRenuka Ambiger
_9232359
245 _aWeb Technology
260 _aGadag
_bEasrtern Book Promoters
_c2003
300 _a292p
650 _aComputer Education
_9232360
999 _c239743
_d239743